Baby Names: Royal Baby Names Quiz Stats

Quiz Updated Jul 24, 2013

Challenge
Share
Tweet
Embed
Score 0/64 Timer 08:00
1 Play Today
Royal Baby % Correct
Elizabeth (10)
95.3%
William (11)
92.4%
Henry (15)
90%
Charles (7)
89.2%
Mary (13)
84.8%
George (9)
84%
Anne (6)
83.5%
Edward (13)
82.4%
John (6)
78.2%
Victoria (2)
76.2%
James (3)
75.6%
Andrew
66%
Richard (5)
65.2%
Catherine (5)
63.6%
Margaret (7)
61.6%
Katherine (3)
61.4%
Albert (3)
56.6%
Arthur (2)
45.9%
Beatrice (2)
44.6%
Robert (2)
44.3%
Charlotte (4)
42.9%
Thomas (3)
42.3%
Alexander
38.2%
Adeliza
37.8%
Alice
37.1%
Alfred (2)
34.4%
Frederick (3)
32.9%
Louise (3)
32.5%
Isabel
28.9%
Marie (2)
28.3%
Caroline
27.1%
Matilda (3)
25.2%
Royal Baby % Correct
Sophia (3)
24.8%
Edmund (4)
24.7%
Eleanor (5)
23.5%
Joan (5)
22.7%
Isabella (2)
22.1%
Louisa
19.7%
Amelia (2)
19.1%
Helena
18.8%
Henrietta (2)
18.4%
Adela
16.8%
Leopold
16.6%
Maud
16.4%
Edgar
16.1%
Philippa
15.1%
Geoffrey (2)
14.1%
Joanna
12%
Cecelia (2)
11.2%
Agatha
10.8%
Augusta
10.5%
Ernest
10.2%
Adolphus
9.9%
Lionel
9.8%
Octavius
9.1%
Bridget
8.8%
Blanch(e) (2)
8.6%
Eustace
8%
Constance
8%
Berengaria
7.6%
Alphonso
7.5%
Humphrey
7.1%
Baldwin
6.6%
Euphemia
5.4%

You're not logged in!

Compare scores with friends on all Sporcle quizzes.
Join for Free
OR
Log In

You Might Also Like...

Show Comments

Extras

Top Quizzes Today


Score Distribution

Your Account Isn't Verified!

In order to create a playlist on Sporcle, you need to verify the email address you used during registration. Go to your Sporcle Settings to finish the process.

Report this User

Report this user for behavior that violates our Community Guidelines.

Details: